000
00338 a2200157 4500
001
60806
020
_a
8508104146
040
_c
Anchieta - Pituba
100
_a
Moreira, Igor
240
1
0
_a
Geografia, 9º ano
_l
por
245
1
0
_a
Geografia, 9º ano
300
_a
304/72
362
0
_a
2006
650
4
_a
Geografia e viagens
942
_c
BK
999
_c
60806
_d
60806